000 00430nam a2200181Ia 4500
001 16672
005 20260306170327.0
008 260306t2017||||xx |||||||||||||| ||und||
041 _aESP
082 _a349.1
_bF41B
100 _aFernández de Buján, Antonio
_eAUT
245 0 _aDerecho privado romano
260 _c2017
300 _a615 páginas :
_c24 cm.
650 _aGEN
654 _aCDE
942 _cLIB
_dJUS
_fJUS
_2ddc
_n
999 _c16672
_d16672